The City : problems of planning

Bibliographic Details
Main Author: Stewart, Murray
Format: Book
Published: London , Penguin Education , 1972
Subjects:

MARC

LEADER 00000cam a2200000 7i4500
001 0000008917
005 20161123.0
040 |a INS 
090 0 0 |a HT166   |b S74 1972 
100 1 |a Stewart, Murray 
245 1 4 |a The City :   |b problems of planning   |c Murray Stewart 
260 |a London ,   |c Penguin Education ,   |c 1972 
300 |a 496p. ;   |c 20cm. 
650 0 0 |a City planning 
999 |a 0000022964   |b BOOK   |c Open Shelf   |e Default branch